000 00290 a2200145 4500
001 174411
020 _a85-15-00137-3
040 _cMagnum
240 1 0 _aCinderela
_lpor
245 1 0 _aCinderela
300 _a16
440 1 _aLoyola
697 _aLITERATURA INFANTO-JUVENIL
942 _cBK
999 _c174411
_d174411